[Event "9MCR_4D_1L_2S"]
[Site "?"]
[Date "2010.??.??"]
[Round "?"]
[White "Strnad, Jiri"]
[Black "Schwarz, Jan"]
[Result "1/2-1/2"]
[WhiteElo "2231"]
[BlackElo "2255"]
[Annotator "022"]
[PlyCount "65"]
[EventDate "2010.??.??"]
[EventType "corr"]
[SourceDate "2002.06.29"]

1. d4 Nf6 2. c4 e6 3. Nf3 d5 4. Nc3 dxc4 5. e4 Bb4 6. Bg5 c5 7. Bxc4 cxd4 8.
Nxd4 Nbd7 9. O-O Qa5 10. Bb5 Bxc3 11. Bxf6 Bxd4 12. Bxd7+ Bxd7 13. Bxd4 f6 14.
Bc3 Qc5 15. e5 f5 16. Qh5+ g6 17. Qh4 Qe7 18. Qf4 g5 19. Qd2 Bc6 20. Bb4 Qg7
21. Rac1 Rc8 22. Qd6 Qd7 23. Qc5 b6 24. Qe3 f4 25. Qe2 h5 26. Rfd1 Bd5 27.
Rxc8+ Qxc8 28. Qd2 Rh7 29. Bd6 Kf7 30. Rc1 Qe8 31. Rc3 Kg8 32. Qc2 Bb7 33. h3
1/2-1/2

[Event "9MCR_4D_1L_2S"]
[Site "?"]
[Date "2010.??.??"]
[Round "?"]
[White "Strnad, Jiri"]
[Black "Trs, Jan"]
[Result "1/2-1/2"]
[WhiteElo "2231"]
[BlackElo "2162"]
[Annotator "025"]
[PlyCount "39"]
[EventDate "2010.??.??"]
[EventType "corr"]
[SourceDate "2002.06.29"]

1. d4 Nf6 2. c4 g6 3. Nc3 d5 4. cxd5 Nxd5 5. e4 Nxc3 6. bxc3 Bg7 7. Nf3 c5 8.
Rb1 O-O 9. Be2 cxd4 10. cxd4 Qa5+ 11. Qd2 Qxd2+ 12. Bxd2 b6 13. O-O Bb7 14. e5
Nc6 15. Rfc1 Rfd8 16. Be3 Rac8 17. h3 e6 18. Kf1 f6 19. Bc4 Kf7 20. Be2 1/2-1/2

[Event "9MCR_4D_1L_2S"]
[Site "?"]
[Date "2010.??.??"]
[Round "?"]
[White "Trs, Jan"]
[Black "Cerveny, Libor"]
[Result "1/2-1/2"]
[WhiteElo "2162"]
[BlackElo "2050"]
[Annotator "072"]
[PlyCount "130"]
[EventDate "2010.??.??"]
[EventType "corr"]
[SourceDate "2002.06.29"]

1. d4 d5 2. c4 e6 3. Nc3 Nf6 4. Bg5 Be7 5. e3 O-O 6. Nf3 Nbd7 7. Rc1 c6 8. Bd3
h6 9. Bh4 dxc4 10. Bxc4 c5 11. O-O a6 12. a4 cxd4 13. exd4 Qa5 14. Qb3 Qb4 15.
Rfe1 Nb6 16. Na2 Qxb3 17. Bxb3 Nbd5 18. Bxd5 Nxd5 19. Bxe7 Nxe7 20. a5 Nc6 21.
Rc5 Rd8 22. Rd1 e5 23. d5 Bg4 24. Re1 Bxf3 25. gxf3 Nd4 26. Kg2 Rd6 27. Re3
Rad8 28. Nc3 f6 29. b4 Kf7 30. Re1 g5 31. h3 R6d7 32. Rb1 Kg6 33. Re1 h5 34.
Rb1 h4 35. Re1 Nb3 36. Rc4 Re8 37. Rd1 Nd4 38. Rc5 Rb8 39. Rb1 b6 40. axb6 Rxb6
41. Ra1 Nb3 42. Rc6 Rd6 43. Rxd6 Rxd6 44. Ra2 Nd4 45. Ne4 Rb6 46. Nc3 Kf7 47.
Ne4 Ke7 48. Ra5 f5 49. d6+ Kd7 50. Nxg5 Nc6 51. Ra3 Kxd6 52. f4 e4 53. f3 Kd5
54. fxe4+ fxe4 55. f5 Nd4 56. Ra5+ Nb5 57. Ne6 Ke5 58. Nc7 Kxf5 59. Rxa6 Rxa6
60. Nxa6 Ke5 61. Nc5 Nd4 62. Kg1 Kf4 63. Kf2 e3+ 64. Kg2 Nc2 65. Nd3+ Ke4
1/2-1/2

[Event "9MCR_4D_1L_2S"]
[Site "?"]
[Date "2010.??.??"]
[Round "?"]
[White "Trs, Jan"]
[Black "Dedina, Miroslav"]
[Result "1/2-1/2"]
[WhiteElo "2162"]
[BlackElo "2238"]
[Annotator "055"]
[PlyCount "55"]
[EventDate "2010.??.??"]
[EventType "corr"]
[SourceDate "2002.06.29"]

1. c4 Nf6 2. Nc3 g6 3. d4 Bg7 4. e4 d6 5. Nf3 O-O 6. Be2 c6 7. O-O Nbd7 8. Qc2
e5 9. Rd1 Qe7 10. d5 c5 11. Bg5 h6 12. Bh4 g5 13. Bg3 Nh5 14. Nd2 Nxg3 15. fxg3
Nf6 16. Nf1 h5 17. Ne3 Qd8 18. Rf1 g4 19. Nf5 Kh7 20. Bd3 Rh8 21. h4 Rg8 22.
Rf2 Bf8 23. Raf1 Rg6 24. Qe2 a6 25. a3 Kg8 26. Qe3 Bxf5 27. Rxf5 Bg7 28. Bc2
1/2-1/2

[Event "9MCR_4D_1L_2S"]
[Site "?"]
[Date "2010.??.??"]
[Round "?"]
[White "Trs, Jan"]
[Black "Hostinsky, Jiri"]
[Result "0-1"]
[WhiteElo "2162"]
[BlackElo "2381"]
[Annotator "075"]
[PlyCount "124"]
[EventDate "2010.??.??"]
[EventType "corr"]
[SourceDate "2002.06.29"]

1. e4 c5 2. Nf3 Nc6 3. d4 cxd4 4. Nxd4 Nf6 5. Nc3 d6 6. Bg5 e6 7. Qd2 Be7 8.
O-O-O O-O 9. Nb3 Qb6 10. f3 a6 11. g4 Qc7 12. Be3 b5 13. a3 Ne5 14. Qf2 Nfd7
15. Kb1 Rb8 16. h4 Nb6 17. h5 Nec4 18. h6 g6 19. Bxb6 Nxb6 20. f4 Bf6 21. Rh3
Nc4 22. Nd4 Bd7 23. g5 Bh8 24. Qe1 Rfc8 25. Ka1 Nxb2 26. Kxb2 b4 27. axb4 Rxb4+
28. Nb3 a5 29. e5 dxe5 30. fxe5 a4 31. Qd2 Be8 32. Qd6 Qa5 33. Qa6 Qxa6 34.
Bxa6 Rcb8 35. Re3 axb3 36. Be2 bxc2+ 37. Kxc2 Rc8 38. Ra1 Rf4 39. Bf3 Rf5 40.
Ra5 Rxg5 41. Kd3 Kf8 42. Ne2 Bf6 43. Nd4 Bd8 44. Ra2 Rg1 45. Rc2 Rxc2 46. Kxc2
Bg5 47. Ra3 Bxh6 48. Ra8 Rc1+ 49. Kd3 Ke7 50. Ra7+ Kd8 51. Ra8+ Rc8 52. Ra5 Bg7
53. Be4 Ke7 54. Ra7+ Kf8 55. Ra5 h5 56. Ke2 g5 57. Kf2 g4 58. Ne2 h4 59. Ke3
Rb8 60. Kf2 Rb5 61. Rxb5 Bxb5 62. Nd4 Be8 0-1

[Event "9MCR_4D_1L_2S"]
[Site "?"]
[Date "2010.??.??"]
[Round "?"]
[White "Trs, Jan"]
[Black "Mikoska, Josef"]
[Result "1/2-1/2"]
[WhiteElo "2162"]
[BlackElo "2242"]
[Annotator "056"]
[PlyCount "78"]
[EventDate "2010.??.??"]
[EventType "corr"]
[SourceDate "2002.06.29"]

1. e4 e5 2. Nf3 Nc6 3. Bb5 a6 4. Ba4 Nf6 5. O-O Bc5 6. c3 b5 7. Bc2 d5 8. d4
dxe4 9. Nxe5 Nxe5 10. dxe5 Qxd1 11. Rxd1 Ng4 12. Bxe4 Nxf2 13. Bc6+ Ke7 14. Rd5
Bb6 15. Bxa8 Nd3+ 16. Kf1 Nxc1 17. Na3 Be6 18. Rxc1 Rxa8 19. Rd3 Bf5 20. Rg3
Rd8 21. Nc2 Rd2 22. Nd4 Bg6 23. b4 c5 24. Nb3 Bd3+ 25. Kg1 c4+ 26. Nc5 a5 27.
a3 Ra2 28. Rxg7 Rxa3 29. Rg8 axb4 30. cxb4 Bxc5+ 31. bxc5 Kd7 32. Rd1 b4 33.
Kf2 Kc6 34. Rc8+ Kb7 35. Rf8 b3 36. Rxf7+ Kc6 37. e6 Ra8 38. e7 Re8 39. Rxd3
cxd3 1/2-1/2

[Event "9MCR_4D_1L_2S"]
[Site "?"]
[Date "2010.??.??"]
[Round "?"]
[White "Trs, Jan"]
[Black "Schwarz, Jan"]
[Result "1-0"]
[WhiteElo "2162"]
[BlackElo "2255"]
[Annotator "077"]
[PlyCount "145"]
[EventDate "2010.??.??"]
[EventType "corr"]
[SourceDate "2002.06.29"]

1. c4 e5 2. Nc3 Bb4 3. Nd5 Be7 4. d4 d6 5. e4 c6 6. Nxe7 Qxe7 7. Ne2 Nf6 8. Nc3
exd4 9. Qxd4 c5 10. Qd3 Nc6 11. Be2 Nb4 12. Qb1 O-O 13. O-O Nc6 14. f3 Be6 15.
Be3 a6 16. b3 h6 17. Qb2 Rfe8 18. Rad1 Ne5 19. f4 Nc6 20. Bf2 Bg4 21. Rfe1 Bxe2
22. Qxe2 Qc7 23. Bh4 Nd4 24. Qd2 Nd7 25. Nd5 Qc6 26. Bf2 Ne6 27. Nc3 Nf6 28.
Bh4 Nh7 29. Nd5 Nd4 30. Bf2 Rac8 31. Bxd4 cxd4 32. Qxd4 Qc5 33. Kf2 Nf8 34.
Qxc5 dxc5 35. e5 Ne6 36. Rd2 Nd4 37. g4 Kf8 38. b4 f6 39. bxc5 fxe5 40. Rxe5
Rxe5 41. fxe5 Ne6 42. Nb6 Rc7 43. Ke3 Nxc5 44. Rd8+ Kf7 45. Rd6 Re7 46. Nd5 Re8
47. Kd4 Ne6+ 48. Ke4 b5 49. cxb5 axb5 50. h4 Kf8 51. Nc3 Nc7 52. Rc6 Re7 53. a3
Kf7 54. h5 Kg8 55. Rc5 Ne6 56. Rc8+ Kh7 57. Nxb5 Rd7 58. Nd6 Ra7 59. Nc4 Ra6
60. Kd5 Nf4+ 61. Kc5 Nd3+ 62. Kb5 Re6 63. a4 Nxe5 64. Nxe5 Rxe5+ 65. Rc5 Re2
66. a5 Rb2+ 67. Kc6 Ra2 68. Kb6 Rb2+ 69. Rb5 Re2 70. a6 Re6+ 71. Kb7 Re7+ 72.
Kc8 Ra7 73. Ra5 1-0

[Event "9MCR_4D_1L_3S"]
[Site "?"]
[Date "2010.??.??"]
[Round "?"]
[White "Alexa, Jaroslav"]
[Black "Glaser, Karel"]
[Result "1/2-1/2"]
[WhiteElo "2311"]
[BlackElo "2218"]
[Annotator "055"]
[PlyCount "96"]
[EventDate "2010.??.??"]
[EventType "corr"]
[SourceDate "2002.06.29"]

1. d4 Nf6 2. c4 e6 3. Nf3 d5 4. Nc3 c6 5. Bg5 h6 6. Bh4 dxc4 7. e4 g5 8. Bg3 b5
9. Be2 Bb7 10. O-O Nbd7 11. Ne5 a6 12. f4 Bg7 13. fxg5 hxg5 14. Qc2 Nxe5 15.
Bxe5 Qe7 16. Qd2 Rh6 17. Rad1 c5 18. Qe3 Rc8 19. a3 Rg6 20. Kh1 g4 21. dxc5
Qxc5 22. Bd4 Qc7 23. Bb6 Qe7 24. Ba5 Bh6 25. Qb6 Nxe4 26. Nxe4 Bxe4 27. Rd6 Bd5
28. Bxg4 c3 29. Bxc3 Rxg4 30. Rxd5 exd5 31. Qxh6 Qe6 32. Qh7 Re4 33. Kg1 Qb6+
34. Kh1 Qg6 35. Qh3 Rcc4 36. Qh8+ Kd7 37. Qb8 Qd6 38. Qb7+ Rc7 39. Qa8 Qe6 40.
h3 Rc8 41. Qb7+ Ke8 42. Rf6 Qd7 43. Qxa6 Re6 44. Rxe6+ fxe6 45. Qb6 Qc6 46. Qe3
Kd7 47. Kh2 Qc5 48. Bd4 Qc2 1/2-1/2

[Event "9MCR_4D_1L_3S"]
[Site "?"]
[Date "2010.??.??"]
[Round "?"]
[White "Alexa, Jaroslav"]
[Black "Gubas, Jan"]
[Result "1/2-1/2"]
[WhiteElo "2311"]
[BlackElo "2326"]
[Annotator "021"]
[PlyCount "36"]
[EventDate "2010.??.??"]
[EventType "corr"]
[SourceDate "2002.06.29"]

1. d4 Nf6 2. c4 e6 3. Nf3 d5 4. Nc3 Bb4 5. cxd5 exd5 6. Bg5 h6 7. Bh4 Qd6 8. e3
Ne4 9. Qc2 O-O 10. Bd3 Bf5 11. O-O Qe6 12. a3 Bxc3 13. bxc3 Nd6 14. Bxf5 Nxf5
15. Rfc1 Nd7 16. c4 c6 17. Rab1 b6 18. Bg3 dxc4 1/2-1/2

[Event "9MCR_4D_1L_3S"]
[Site "?"]
[Date "2010.??.??"]
[Round "?"]
[White "Alexa, Jaroslav"]
[Black "Nigrin, Jiri"]
[Result "1/2-1/2"]
[WhiteElo "2311"]
[BlackElo "2124"]
[Annotator "046"]
[PlyCount "62"]
[EventDate "2010.??.??"]
[EventType "corr"]
[SourceDate "2002.06.29"]

1. d4 Nf6 2. c4 g6 3. Nc3 d5 4. Nf3 Bg7 5. Qb3 dxc4 6. Qxc4 O-O 7. e4 a6 8. Qb3
c5 9. dxc5 Nbd7 10. c6 bxc6 11. Be2 Nc5 12. Qc2 Ne6 13. O-O Ng4 14. h3 Ne5 15.
Nxe5 Bxe5 16. Bh6 Bg7 17. Bxg7 Kxg7 18. Bc4 Nd4 19. Qd3 e5 20. Rad1 Be6 21. Ne2
c5 22. Bxe6 Nxe6 23. Qe3 Qb8 24. b3 Rd8 25. Rd5 Rxd5 26. exd5 Nd4 27. f4 Nxe2+
28. Qxe2 exf4 29. Qb2+ f6 30. Re1 Ra7 31. Re6 Rf7 1/2-1/2

[Event "9MCR_4D_1L_3S"]
[Site "?"]
[Date "2010.??.??"]
[Round "?"]
[White "Alexa, Jaroslav"]
[Black "Prchly, Milos"]
[Result "1-0"]
[WhiteElo "2311"]
[BlackElo "2263"]
[Annotator "078"]
[PlyCount "119"]
[EventDate "2010.??.??"]
[EventType "corr"]
[SourceDate "2002.06.29"]

1. d4 Nf6 2. c4 e6 3. Nf3 b6 4. g3 Bb7 5. Bg2 Be7 6. Nc3 Ne4 7. Bd2 O-O 8. d5
Nd6 9. b3 f5 10. O-O Bf6 11. Rc1 Na6 12. Bf4 Qe7 13. Bxd6 cxd6 14. Nd4 g6 15.
e4 e5 16. Ndb5 f4 17. Bh3 Rf7 18. Rb1 Qf8 19. b4 Bd8 20. gxf4 exf4 21. e5 dxe5
22. Ne4 Bc7 23. Re1 Rd8 24. c5 bxc5 25. bxc5 Ba8 26. Qb3 Ba5 27. Rec1 f3 28.
Nbd6 Rf4 29. Qb5 Bxd5 30. Qxa6 Bc7 31. Ng3 Bc6 32. Rd1 Ra4 33. Qd3 Kh8 34. Qe3
Qf4 35. Qxf4 Rxf4 36. Nb5 Bb8 37. Be6 a6 38. Nc3 Rd4 39. Bd5 Bc7 40. Nge4 Kg7
41. Bxc6 dxc6 42. Ng5 Rg4+ 43. Kf1 Rxg5 44. Rb7 Rd4 45. Rxc7+ Kh6 46. Rxc6 Rc4
47. Nd5 e4 48. Ne3 Rcxc5 49. Re6 Rc7 50. Rxa6 Kg7 51. a4 Rh5 52. Kg1 Kf7 53.
Rad6 Rg5+ 54. Kh1 Ra5 55. Rd7+ Rxd7 56. Rxd7+ Ke6 57. Rd4 Ke5 58. Nc4+ Kxd4 59.
Nxa5 Kc3 60. Nc6 1-0

[Event "9MCR_4D_1L_3S"]
[Site "?"]
[Date "2010.??.??"]
[Round "?"]
[White "Alexa, Jaroslav"]
[Black "Struzka, Vlastimil"]
[Result "1/2-1/2"]
[WhiteElo "2311"]
[BlackElo "2187"]
[Annotator "039"]
[PlyCount "66"]
[EventDate "2010.??.??"]
[EventType "corr"]
[SourceDate "2002.06.29"]

1. d4 d5 2. c4 e6 3. Nc3 Nf6 4. Nf3 Be7 5. Bg5 O-O 6. e3 Nc6 7. Rc1 h6 8. Bh4
Ne4 9. Bxe7 Nxe7 10. Bd3 Nxc3 11. Rxc3 dxc4 12. Bxc4 b6 13. O-O Qd6 14. Qe2 Bb7
15. Rfc1 c5 16. dxc5 bxc5 17. e4 Rfd8 18. Qe3 Rac8 19. Bf1 Ng6 20. g3 Nf8 21.
e5 Qb8 22. Ne1 Bd5 23. b3 Nd7 24. Nd3 a5 25. f4 a4 26. bxa4 c4 27. Nf2 Qb4 28.
a3 Qxa4 29. Ne4 Bxe4 30. Rxc4 Qa8 31. Rxc8 Rxc8 32. Rxc8+ Qxc8 33. Qxe4 Qc5+
1/2-1/2

[Event "9MCR_4D_1L_3S"]
[Site "?"]
[Date "2010.??.??"]
[Round "?"]
[White "Alexa, Jaroslav"]
[Black "Vacek, Frantisek"]
[Result "1-0"]
[WhiteElo "2311"]
[BlackElo "2048"]
[Annotator "066"]
[PlyCount "95"]
[EventDate "2010.??.??"]
[EventType "corr"]
[SourceDate "2002.06.29"]

1. d4 d5 2. c4 c6 3. Nf3 Nf6 4. Nc3 e6 5. Bg5 Nbd7 6. e3 Be7 7. cxd5 exd5 8.
Qc2 O-O 9. Bd3 Re8 10. O-O Nf8 11. h3 Ne4 12. Bf4 f5 13. Ne5 Bg5 14. Ne2 Bf6
15. Bh2 Ng6 16. Nxg6 hxg6 17. Nf4 Kh7 18. f3 Nd6 19. Rad1 a5 20. g4 Rf8 21. Kh1
Bg5 22. Rg1 Qf6 23. Ng2 Qd8 24. h4 Bf6 25. Nf4 Bxh4 26. Rd2 g5 27. Ng2 Rf7 28.
Nxh4 gxh4 29. Be5 Kg8 30. gxf5 Nxf5 31. Bxf5 Bxf5 32. e4 Bh3 33. Rh2 Qd7 34.
Qf2 Bg4 35. Rxg4 Qxg4 36. fxg4 Rxf2 37. Rxf2 dxe4 38. Kg2 Rf8 39. Rxf8+ Kxf8
40. Kh3 e3 41. Kxh4 e2 42. Bg3 Kf7 43. Kg5 Ke6 44. Kf4 Kd5 45. Ke3 Kc4 46. Bf2
a4 47. Kxe2 a3 48. bxa3 1-0

[Event "9MCR_4D_1L_3S"]
[Site "?"]
[Date "2010.??.??"]
[Round "?"]
[White "Ertl, Lubos"]
[Black "Alexa, Jaroslav"]
[Result "1/2-1/2"]
[WhiteElo "2149"]
[BlackElo "2311"]
[Annotator "070"]
[PlyCount "83"]
[EventDate "2010.??.??"]
[EventType "corr"]
[SourceDate "2002.06.29"]

1. e4 c5 2. Nf3 Nc6 3. Bb5 d6 4. O-O Bd7 5. Re1 Nf6 6. c3 a6 7. Bf1 Bg4 8. d3
e6 9. Nbd2 Be7 10. h3 Bh5 11. g4 Bg6 12. Nh4 Nd7 13. Nxg6 hxg6 14. f4 Bh4 15.
Re2 g5 16. f5 Nde5 17. Nb3 Qf6 18. Bg2 Nd7 19. d4 cxd4 20. cxd4 O-O 21. fxe6
fxe6 22. Be3 e5 23. d5 Ne7 24. Rc1 b6 25. Rc7 Nc5 26. Nd4 Rfc8 27. Rxc8+ Rxc8
28. Nf5 Nxf5 29. exf5 a5 30. a3 Qd8 31. Rc2 a4 32. Qd2 Nb3 33. Qe2 Rxc2 34.
Qxc2 Nc5 35. Qc4 Bg3 36. Qb5 e4 37. Bxc5 bxc5 38. Kf1 Qe7 39. Qxa4 Qe5 40. Bxe4
Kf8 41. Qc2 Qf4+ 42. Kg2 1/2-1/2

[Event "9MCR_4D_1L_3S"]
[Site "?"]
[Date "2010.??.??"]
[Round "?"]
[White "Ertl, Lubos"]
[Black "Jarabinsky, Martin"]
[Result "1/2-1/2"]
[WhiteElo "2149"]
[BlackElo "2081"]
[Annotator "043"]
[PlyCount "70"]
[EventDate "2010.??.??"]
[EventType "corr"]
[SourceDate "2002.06.29"]

1. e4 c6 2. d4 d5 3. exd5 cxd5 4. c4 Nf6 5. Nc3 e6 6. Nf3 Nc6 7. c5 Be7 8. Bb5
O-O 9. O-O Ne4 10. Re1 f5 11. Bf4 g5 12. Bxc6 bxc6 13. Be5 g4 14. Nd2 h5 15. f3
Ng5 16. Qa4 Bd7 17. Rad1 Nf7 18. Bf4 Re8 19. Re3 e5 20. Bxe5 Nxe5 21. Rxe5 Bf6
22. f4 h4 23. Rxe8+ Qxe8 24. Nf1 a5 25. Rd2 Ra7 26. Qb3 Kg7 27. Qd1 Kf7 28. Qe2
Be6 29. Ne3 Bc8 30. Nc2 Re7 31. Qf1 Rb7 32. Na4 Re7 33. Nc3 Rb7 34. Na4 Re7 35.
Nc3 Rb7 1/2-1/2

[Event "9MCR_4D_1L_3S"]
[Site "?"]
[Date "2010.??.??"]
[Round "?"]
[White "Ertl, Lubos"]
[Black "Mudra, Oldrich"]
[Result "1-0"]
[WhiteElo "2312"]
[BlackElo "2178"]
[Annotator "075"]
[PlyCount "105"]
[EventDate "2010.??.??"]
[EventType "corr"]
[SourceDate "2002.06.29"]

1. e4 g6 2. d4 Bg7 3. Nc3 c6 4. Nf3 d6 5. Be2 Nf6 6. O-O O-O 7. h3 Nbd7 8. a4
a5 9. Be3 Qc7 10. Qd2 b6 11. Rad1 Re8 12. Rfe1 Bb7 13. Bh6 Rad8 14. Qg5 Nf8 15.
Bc4 Bc8 16. Bxg7 Kxg7 17. e5 d5 18. Bd3 Nh5 19. Ne2 Ne6 20. Qe3 Kg8 21. c4 Nhg7
22. b3 Qb7 23. cxd5 cxd5 24. Nh2 Kh8 25. Ng4 Qa7 26. Ng3 Ba6 27. Nh6 Rf8 28.
Bxa6 Qxa6 29. f4 b5 30. f5 gxf5 31. Ngxf5 Nxf5 32. Nxf5 Rde8 33. Qe2 Ng5 34.
axb5 Qg6 35. Rf1 Nxh3+ 36. Kh2 Ng5 37. Rd3 Ne4 38. Rh3 e6 39. Nd6 Re7 40. Nxe4
Qxe4 41. Qf2 f6 42. exf6 Rc7 43. Re1 Qg4 44. Rg3 Qh5+ 45. Kg1 Qf5 46. Qxf5 exf5
47. Re7 Rc1+ 48. Kf2 f4 49. Rg4 f3 50. gxf3 Rc2+ 51. Kg3 Rb2 52. b6 Rxb3 53. b7
1-0

[Event "9MCR_4D_1L_3S"]
[Site "?"]
[Date "2010.??.??"]
[Round "?"]
[White "Ertl, Lubos"]
[Black "Pravec, Ladislav"]
[Result "1/2-1/2"]
[WhiteElo "2149"]
[BlackElo "2320"]
[Annotator "061"]
[PlyCount "80"]
[EventDate "2010.??.??"]
[EventType "corr"]
[SourceDate "2002.06.29"]

1. e4 c5 2. Nf3 Nc6 3. Bb5 g6 4. O-O Bg7 5. Re1 Nf6 6. e5 Nd5 7. Nc3 Nc7 8.
Bxc6 dxc6 9. Ne4 Ne6 10. d3 b6 11. Bd2 O-O 12. Qc1 Re8 13. Bh6 Bh8 14. h3 Nd4
15. Nxd4 cxd4 16. Qf4 c5 17. Ng5 Qd5 18. f3 Bg7 19. Bxg7 Kxg7 20. Ne4 Qe6 21.
a4 h6 22. a5 Bb7 23. h4 Bxe4 24. Rxe4 h5 25. Kh2 b5 26. Rg1 Rh8 27. b3 Rac8 28.
Qg5 Rc7 29. Rf1 Qd7 30. e6 Qd6+ 31. Qe5+ Qxe5+ 32. Rxe5 f5 33. Rfe1 a6 34. Kg3
Rd8 35. Kf4 c4 36. bxc4 bxc4 37. g4 cxd3 38. cxd3 hxg4 39. fxg4 Rh8 40. h5 fxg4
1/2-1/2

[Event "9MCR_4D_1L_3S"]
[Site "?"]
[Date "2010.??.??"]
[Round "?"]
[White "Ertl, Lubos"]
[Black "Vacek, Frantisek"]
[Result "1/2-1/2"]
[WhiteElo "2149"]
[BlackElo "2048"]
[Annotator "064"]
[PlyCount "85"]
[EventDate "2010.??.??"]
[EventType "corr"]
[SourceDate "2002.06.29"]

1. e4 e5 2. Nf3 Nc6 3. Bb5 Nf6 4. O-O Nxe4 5. d4 Nd6 6. Bxc6 dxc6 7. dxe5 Nf5
8. Qxd8+ Kxd8 9. Nc3 Bd7 10. b3 Ke8 11. Rd1 Be6 12. Bb2 Rd8 13. Ne4 Be7 14. c4
b5 15. Nfg5 bxc4 16. Nxe6 fxe6 17. bxc4 Kf7 18. Bc3 a5 19. Rxd8 Rxd8 20. Bxa5
Rd4 21. Nd2 Ba3 22. Rb1 c5 23. Bc3 Rd3 24. Ne4 Bb4 25. Bb2 Nd4 26. f3 h5 27.
Kf1 h4 28. Bxd4 Rxd4 29. Rc1 Kg6 30. a4 Kf5 31. Ra1 Ba5 32. Nxc5 Rxc4 33. Nb3
Bb6 34. a5 Ba7 35. Nd2 Rd4 36. Ne4 Kxe5 37. Rc1 c5 38. Nxc5 Rd2 39. Ne4 Ra2 40.
Rc7 Kf4 41. Rd7 e5 42. Nd2 Bd4 43. Nc4 1/2-1/2

[Event "9MCR_4D_1L_3S"]
[Site "?"]
[Date "2010.??.??"]
[Round "?"]
[White "Glaser, Karel"]
[Black "Ertl, Lubos"]
[Result "1/2-1/2"]
[WhiteElo "2218"]
[BlackElo "2149"]
[Annotator "027"]
[PlyCount "65"]
[EventDate "2010.??.??"]
[EventType "corr"]
[SourceDate "2002.06.29"]

1. e4 c5 2. Nf3 Nc6 3. Bb5 g6 4. O-O Bg7 5. d3 Nf6 6. Nc3 O-O 7. h3 d6 8. Bxc6
bxc6 9. Rb1 Rb8 10. Bd2 Re8 11. Qc1 Nh5 12. Re1 e5 13. Ne2 Be6 14. b3 Qc7 15.
c4 Bf8 16. Nh2 d5 17. Nf3 d4 18. Ng3 Nxg3 19. fxg3 f6 20. g4 Qg7 21. Rf1 Rb6
22. Rf2 Ra6 23. Qc2 h6 24. Rbf1 Be7 25. Bc1 Kh7 26. Nh4 Rf8 27. Kh2 Bd7 28. Qd2
Bd8 29. Kh1 Be6 30. Qe2 Rf7 31. Qc2 Rb7 32. Kg1 Rb8 33. Qe2 1/2-1/2

[Event "9MCR_4D_1L_3S"]
[Site "?"]
[Date "2010.??.??"]
[Round "?"]
[White "Glaser, Karel"]
[Black "Gubas, Jan"]
[Result "1/2-1/2"]
[WhiteElo "2218"]
[BlackElo "2326"]
[Annotator "005"]
[PlyCount "50"]
[EventDate "2010.??.??"]
[EventType "corr"]
[SourceDate "2002.06.29"]

1. e4 e5 2. Nf3 Nc6 3. Bb5 a6 4. Ba4 Nf6 5. O-O Be7 6. Re1 b5 7. Bb3 O-O 8. c3
d6 9. h3 Na5 10. Bc2 c5 11. d4 Qc7 12. d5 Bd7 13. b3 Nb7 14. Nbd2 g6 15. Nf1 c4
16. b4 a5 17. Bh6 Rfc8 18. a3 Ra6 19. Qc1 Rca8 20. Qb2 Bf8 21. Be3 Nh5 22. Ng3
Nf4 23. Bxf4 exf4 24. Ne2 Bh6 25. Reb1 Nd8 1/2-1/2

[Event "9MCR_4D_1L_3S"]
[Site "?"]
[Date "2010.??.??"]
[Round "?"]
[White "Glaser, Karel"]
[Black "Jarabinsky, Martin"]
[Result "1/2-1/2"]
[WhiteElo "2218"]
[BlackElo "2081"]
[Annotator "011"]
[PlyCount "73"]
[EventDate "2010.??.??"]
[EventType "corr"]
[SourceDate "2002.06.29"]

1. e4 e6 2. d4 d5 3. Nc3 Nf6 4. e5 Nfd7 5. f4 c5 6. Nf3 Nc6 7. Be3 cxd4 8. Nxd4
Bc5 9. Qd2 Bxd4 10. Bxd4 Nxd4 11. Qxd4 Qb6 12. O-O-O Qxd4 13. Rxd4 a6 14. Be2
O-O 15. Rhd1 b6 16. h4 Ra7 17. Rb4 Rc7 18. g4 h6 19. a3 b5 20. g5 hxg5 21. hxg5
Bb7 22. a4 bxa4 23. Nxa4 Bc6 24. Nc3 Nc5 25. Rb6 a5 26. Kd2 a4 27. Ra1 g6 28.
Bf3 Rcc8 29. Ne2 Bd7 30. Nd4 Rb8 31. Rxb8 Rxb8 32. Rb1 Bb5 33. Kc3 Bc4 34. Rh1
Kg7 35. Ra1 Rb7 36. Re1 Rb8 37. Rh1 1/2-1/2

[Event "9MCR_4D_1L_3S"]
[Site "?"]
[Date "2010.??.??"]
[Round "?"]
[White "Glaser, Karel"]
[Black "Kasik, Miroslav"]
[Result "1-0"]
[WhiteElo "2218"]
[BlackElo "2123"]
[Annotator "015"]
[PlyCount "121"]
[EventDate "2010.??.??"]
[EventType "corr"]
[SourceDate "2002.06.29"]

1. e4 e5 2. Nf3 Nf6 3. d4 Nxe4 4. Bd3 d5 5. Nxe5 Nd7 6. Nxd7 Bxd7 7. O-O Bd6 8.
Nc3 Nxc3 9. bxc3 Qh4 10. g3 Qg4 11. Re1+ Kf8 12. Be2 Qg6 13. c4 dxc4 14. Bxc4
Bg4 15. Qd2 h5 16. Rb1 b6 17. Rb3 h4 18. Rbe3 Bf4 19. Qb4+ c5 20. dxc5 Bxe3 21.
cxb6+ Kg8 22. b7 Bxf2+ 23. Kxf2 Rb8 24. Bd3 hxg3+ 25. hxg3 Qf6+ 26. Bf4 g5 27.
Qd6 Qxd6 28. Bxd6 Rxb7 29. Re8+ Kg7 30. Be5+ f6 31. Bxf6+ Kxf6 32. Rxh8 Be6 33.
a4 Re7 34. Rh6+ Ke5 35. Rg6 g4 36. Ke3 Bd7 37. Rg5+ Kd6+ 38. Kd4 Bxa4 39. Rg6+
Kc7 40. Ra6 Bd7 41. Rxa7+ Kb8 42. Ra3 Bc6 43. Bf5 Bf3 44. Re3 Rf7 45. Re5 Kc7
46. c4 Bc6 47. Be4 Bxe4 48. Rxe4 Rg7 49. c5 Kd7 50. Kc4 Rg8 51. Rf4 Kc7 52.
Rf7+ Kc6 53. Rf6+ Kc7 54. Kb5 Rb8+ 55. Rb6 Rg8 56. Rc6+ Kb7 57. Ra6 Rg5 58. Ra4
Rg7 59. c6+ Kb8 60. Kb6 Rb7+ 61. Kc5 1-0

[Event "9MCR_4D_1L_3S"]
[Site "?"]
[Date "2010.??.??"]
[Round "?"]
[White "Glaser, Karel"]
[Black "Mudra, Oldrich"]
[Result "1/2-1/2"]
[WhiteElo "2218"]
[BlackElo "2191"]
[Annotator "017"]
[PlyCount "63"]
[EventDate "2010.??.??"]
[EventType "corr"]
[SourceDate "2002.06.29"]

1. e4 g6 2. d4 Bg7 3. Nc3 c6 4. Nf3 d6 5. Be2 Nf6 6. O-O O-O 7. h3 Qc7 8. Bf4
Nbd7 9. e5 dxe5 10. Nxe5 Nxe5 11. Bxe5 Qb6 12. Na4 Qa5 13. Nc5 b6 14. Nd3 Ba6
15. a3 Bxd3 16. Bxd3 Nd7 17. b4 Qd5 18. c4 Qe6 19. Bxg7 Kxg7 20. Re1 Qf6 21.
Be4 Rac8 22. Qb3 Rfd8 23. Rad1 Nf8 24. d5 cxd5 25. Bxd5 Rc7 26. g3 e6 27. Bg2
Rd4 28. Bf1 Nd7 29. Rxd4 Qxd4 30. Rd1 Qf6 31. Kg2 Ne5 32. f4 1/2-1/2

[Event "9MCR_4D_1L_3S"]
[Site "?"]
[Date "2010.??.??"]
[Round "?"]
[White "Glaser, Karel"]
[Black "Prchly, Milos"]
[Result "1-0"]
[WhiteElo "2218"]
[BlackElo "2263"]
[Annotator "077"]
[PlyCount "125"]
[EventDate "2010.??.??"]
[EventType "corr"]
[SourceDate "2002.06.29"]

1. e4 c5 2. Nf3 d6 3. d4 cxd4 4. Nxd4 Nf6 5. Nc3 g6 6. Be3 Bg7 7. f3 O-O 8. Qd2
Nc6 9. O-O-O d5 10. Nxc6 bxc6 11. exd5 Nxd5 12. Bd4 e5 13. Bc5 Be6 14. Ne4 Re8
15. h4 h6 16. h5 g5 17. c4 Nf6 18. Qe1 Qc7 19. Nxf6+ Bxf6 20. Bd3 Be7 21. Bxe7
Rxe7 22. Bc2 Rb8 23. Qc3 Ree8 24. Qd3 f5 25. Qc3 Rbd8 26. c5 Rf8 27. Rhe1 Rxd1+
28. Rxd1 Bd5 29. b4 Qb7 30. Bb3 Re8 31. Qd3 Qxb4 32. Bxd5+ cxd5 33. Qxd5+ Kh8
34. Qd6 Qc3+ 35. Kb1 Qb4+ 36. Kc2 Qa4+ 37. Kc1 Qc4+ 38. Kd2 Qxa2+ 39. Ke1 Qe6
40. Qxe6 Rxe6 41. Rd6 Re8 42. Rxh6+ Kg7 43. Rg6+ Kh7 44. Kd2 a5 45. Rxg5 f4 46.
Kc3 Kh6 47. Rg6+ Kxh5 48. Ra6 Kg5 49. Rxa5 Kf6 50. Ra2 e4 51. fxe4 Rxe4 52. Kd3
Re7 53. Rd2 Rd7+ 54. Kc3 Ra7 55. Kc4 Ra1 56. c6 Rc1+ 57. Kb5 Rc3 58. Kb6 Rb3+
59. Kc7 Ke7 60. Kc8 Rc3 61. c7 Rb3 62. Rd7+ Ke8 63. Rd4 1-0

[Event "9MCR_4D_1L_3S"]
[Site "?"]
[Date "2010.??.??"]
[Round "?"]
[White "Gubas, Jan"]
[Black "Ertl, Lubos"]
[Result "1-0"]
[WhiteElo "2326"]
[BlackElo "2149"]
[Annotator "044"]
[PlyCount "85"]
[EventDate "2010.??.??"]
[EventType "corr"]
[SourceDate "2002.06.29"]

1. e4 e5 2. Nf3 Nc6 3. Bb5 a6 4. Ba4 Nf6 5. O-O Be7 6. Re1 b5 7. Bb3 d6 8. c3
O-O 9. h3 Na5 10. Bc2 c5 11. d4 Qc7 12. Nbd2 cxd4 13. cxd4 Nc6 14. a3 Bd7 15.
Nb3 a5 16. d5 Nb8 17. Bd2 a4 18. Nc1 Rc8 19. Bc3 Na6 20. Nd3 Bd8 21. Rc1 Qa7
22. Qe2 Bb6 23. Red1 h6 24. Bb1 Rab8 25. Bd2 Nc5 26. Nxc5 Bxc5 27. Ne1 b4 28.
Nd3 bxa3 29. Nxc5 axb2 30. Nxd7 Qxd7 31. Rc3 Rxc3 32. Bxc3 a3 33. Qa6 Rb3 34.
Bd2 Qb5 35. Qc8+ Ne8 36. Kh2 Kf8 37. f4 exf4 38. Bxf4 Qb8 39. Qc6 Qb4 40. Qd7
Qb8 41. e5 Rb7 42. Qf5 g6 43. Bxh6+ 1-0